Technology and Markets for Knowledge : (Record no. 615182)

MARC details
000 -LEADER
fixed length control field 00538nam a2200193 a 4500
008 - FIXED-LENGTH DATA ELEMENTS--GENERAL INFORMATION
fixed length control field 260221s2001##################000#0#eng##
020 ## - INTERNATIONAL STANDARD BOOK NUMBER
ISBN 9780792372028
082 04 - DEWEY DECIMAL CLASSIFICATION NUMBER
Classification number 338.47001GUI
100 1# - MAIN ENTRY--AUTHOR NAME
Personal name Guilhon, Bernard,
245 10 - TITLE STATEMENT
Title Technology and Markets for Knowledge :
260 ## - PUBLICATION, DISTRIBUTION, ETC. (IMPRINT)
Name of publisher Springer Science & Business Media,
Year of publication 2001.
300 ## - PHYSICAL DESCRIPTION
Number of Pages 234 pages
650 #0 - SUBJECT ADDED ENTRY--TOPICAL TERM
Topical Term Business & Economics.
942 ## - ADDED ENTRY ELEMENTS (KOHA)
Koha item type English Books
Holdings
Withdrawn status Lost status Damaged status Not for loan Home library Current library Shelving location Date acquired Full call number Accession Number Price effective from Koha item type
        Anna Centenary Library Anna Centenary Library 4TH FLOOR, A WING 21.02.2026 338.47001GUI 209067 21.02.2026 English Books

Find us on the map